000 00776nac a22002417a 4500
001 BR6001993
003 BR-BrBNA
005 20240105121734.0
008 230509b bl.|||m| |||| 00| 0 por d
040 _aBR-BrBNA
_bpor
_cBiblioteca Nacional de Agricultura
072 _aL10
090 _a5100 BR6001993
100 1 _aBarbosa, H.O.S.
110 1 _aInstituto de Zootecnia, Rio de Janeiro, GB (Brasil)
_96282
245 1 _aObservacaes e sugestoes sobre a inseminacao artificial em equideos
260 3 _aRio de Janeiro, GB (Brasil):
_c1950.
300 _a26 p.
490 _aPublicacao - Instituto de Zootecnia (Brazil)
_vno. 10
_x
650 _aCavalo
650 _aInseminacao Artificial
909 _a202312
_bLúcia Elande
_c55
_dLúcia Elande
942 _2AGRIS
_n0
_cMS
999 _c287142
_d287142